Интерпретация порошковых рентгенограмм: пер. с англ.

Bibliographische Detailangaben
1. Verfasser: Липсон Г.
Weitere Verfasser: Стипл Г. (редактор), Белов Н. В.
Zusammenfassung:Доп. тит. лист
Sprache:Russisch
Veröffentlicht: Москва, Мир, 1972
Schlagworte:
Format: MixedMaterials Buch
KOHA link:https://koha.lib.tpu.ru/cgi-bin/koha/opac-detail.pl?biblionumber=55891

MARC

LEADER 00000nam0a2200000 4500
001 55891
005 20231101211554.0
035 |a (RuTPU)RU\TPU\book\58672 
090 |a 55891 
100 |a 20030923d1972 k y0rusy50 ca 
101 1 |a rus 
102 |a RU 
105 |a a z 001zy 
200 1 |a Интерпретация порошковых рентгенограмм  |e пер. с англ.  |f Г. Липсон, Г. Стипл  |g Под ред. Н. В. Белова 
210 |a Москва  |c Мир  |d 1972 
215 |a 384 с.  |c ил. 
300 |a Доп. тит. лист 
320 |a Библиогр.: с. 366-370. 
320 |a Именной указатель: с. 371-373. 
320 |a Предметный указатель: с. 374-379. 
606 1 |a Кристаллы  |x Рентгеноструктурный анализ  |2 stltpush  |3 (RuTPU)RU\TPU\subj\80345  |9 88070 
610 1 |a кристаллические решетки 
610 1 |a рентгенография 
610 1 |a рентгеновские лучи 
610 1 |a порошковые технологии 
610 1 |a идентификация 
610 1 |a рентгеноструктурный анализ 
675 |a 548.73  |v 3 
700 1 |a Липсон  |b Г. 
701 1 |a Стипл  |b Г. 
702 1 |a Белов  |b Н. В.  |4 340 
801 1 |a RU  |b 63413507  |c 20030923  |g PSBO 
801 2 |a RU  |b 63413507  |c 20200828  |g PSBO 
942 |c BK